Running Shoe Brand's Logos - Statistics

General Stats
  • This quiz has been taken 133 times
  • The average score is 10 of 33
Answer Stats
Picture Answer % Correct
Adidas
99%
Nike
99%
Puma
85%
Asics
80%
New Balance
79%
Under Armour
72%
The North Face
61%
On
58%
Sketchers
54%
Saucony
53%
Brooks
45%
Hoka
43%
Reebok
33%
Altra
21%
Vibram
15%
Keen
12%
Merrell
9%
Mammut
8%
OOFOS
8%
Scott
8%
Berghaus
7%
Inov8
7%
Nnormal
6%
La Sportiva
4%
Rab
4%
Ronhill
4%
Teva
3%
Veja
3%
Vivobarefoot
3%
Salewa
2%
Scarpa
2%
Vasque
2%
True Motion
1%
No matching quizzes found
Score Distribution
Percent of People with Each Score
Percentile by Number Answered
Your Score History
You have not taken this quiz